LEADER 01239nam a2200265 i 4500 001 000000212703 003 CaOOAMICUS 005 20230314123349.0 008 120424s1792 it u000 u lat u 026 $aS.VE *.us ueno SeIl (3) 1792 (R) - [*= dittongo ae] 040 $aSeMil$bita 100 1 $aParini, Giuseppe,$d<1729-1799>.$0(OLS)http://semarc/name/1284 245 10$aHetruscum poema cui titulus: il mezzogiorno :$blatine redditum. 260 $a(Mediolani :$bExcudebat Francisci Pogliani,$c1792) 300 $a99, [1] p. ;$c 8°. 500 $aIl nome del traduttore, Carlo Antonio Morondi si ricava a c. A2r. 500 $aSegn.: A-E8 F10 600 14$aParini, Giuseppe <1729-1799>.$0(OLS)http://semarc/subject/6656 700 1 $aMorondi, Carlo Antonio .$0(OLS)http://semarc/name/70785 700 1 $aPogliani, Francesco,$c.$0(OLS)http://semarc/name/71950 850 $aSeMil 852 $aSeMil$W1$xVenegono$y1$m1Y III 96 FA$j163137$B163137$CSeMilBibl$Z2$F174262 $8I 996 $6245$aHetruscum poema cui titulus: il mezzogiorno :$blatine redditum$9(OLS)http://semarc/title/287382 996 $6260$a(Mediolani :$bExcudebat Francisci Pogliani$9(OLS)http://semarc/publisher/52688 LEADER 01326nam a2200289 i 4500 001 000000068637 003 CaOOAMICUS 005 20100730000000.0 008 100730s1979 it u000 u ita u 013 $a39809 040 $aSeMil$bita 100 1 $aGoux, Jean-Joseph.$0(OLS)http://semarc/name/34268 240 14$aLes iconoclastes.$0(OLS)http://semarc/title/109670 245 14$aGli iconoclasti :$bMarx, Freud e il monoteismo /$cJean-Joseph Goux. 260 $aVenezia :$bMarsilio,$c1979. 300 $a193 p. ;$c22 cm. 490 0 $aSaggi Marsilio ;$v71. Teoria/Scrittura ; 5 490 0 $aSaggi Marsilio. Teoria/Scrittura ;$v5 650 4$aPsicanalisi e marxismo.$0(OLS)http://semarc/subject/13526 650 4$aIconoclastia e iconolatria.$0(OLS)http://semarc/subject/13527 650 4$aMarx, Karl <1818-1883> [e] S. Freud.$0(OLS)http://semarc/subject/13301 830 0$aSaggi Marsilio ;$v71. Teoria/Scrittura ; 5.$0(OLS)http://semarc/title/7835 830 0$aSaggi Marsilio. Teoria/Scrittura ;$v5.$0(OLS)http://semarc/title/31644 850 $aSeMil 852 $aSeMil$W1$xVenegono$y1$m2O III 231$j34790$B34790$CSeMilBibl$Z2$F34793 $81 996 $6245$aGli iconoclasti :$bMarx, Freud e il monoteismo$9(OLS)http://semarc/title/109669 996 $6260$aVenezia :$bMarsilio$9(OLS)http://semarc/publisher/30231